00515 2200193 4500001002100000005001500021035002500036006001800061008004100079020001800120100001800138245003900156260004400195082000800239084001400247250000600261300003800267990001600305INLIS00000000000968420240405081540 a0010-021500000000086a ||| |240405 g 1 ind  a979-20-4990-80 aMika Kawamura1 aPerfect Hit! :b1 /cMika Kawamura aJakarta :bElex Media Komputindo,c2003 aFIK aFIK KAW p a1 a198 halaman :bilustrasi ;c18 cm a4962/b/2004